[Event "Staufer op 10th"]
[Site "Schwaebisch Gmuend"]
[Date "1998.??.??"]
[Round "5"]
[White "Klovans, Janis"]
[Black "Bauer, Eckart"]
[Result "1-0"]
[WhiteElo "2460"]
[BlackElo "2245"]

1.e4 c6 2.d4 g6 3.Nc3 Bg7 4.f4 d5 5.e5 h5 6.Nf3 Bg4 7.Be3 Nh6 8.h3 Nf5 9.Bf2 Bxf3
10.Qxf3 h4 11.Bd3 e6 12.O-O Nd7 13.Ne2 Bf8 14.b3 Ba3 15.c4 Qa5 16.Rfb1 Ne7
17.c5 b6 18.Be1 Bb4 19.Bxb4 Qxb4 20.a3 Qd2 21.b4 Nf5 22.Rc1 bxc5 23.dxc5 Ke7
24.Bxf5 gxf5 25.Rd1 Qb2 26.Qd3 Rag8 27.Rdb1 Nxe5 28.fxe5 Qxe5 29.Nd4 Kd7
30.Re1 Qg7 31.Ra2 f4 32.b5 Rh5 33.bxc6+ Kc8 34.Rxe6 Rg5 35.Qa6+ Kd8 36.c7+  1-0

[Event "Seefeld op 9th"]
[Site "Seefeld"]
[Date "1998.??.??"]
[Round "5"]
[White "Oettinger, Hagen"]
[Black "Nachtkamp, Herbert"]
[Result "0-1"]
[WhiteElo "2010"]
[BlackElo "2105"]

1.d4 g6 2.e4 Bg7 3.Nc3 c6 4.Be2 d5 5.exd5 cxd5 6.h4 Nc6 7.Be3 h5 8.Nh3 Bf5
9.Nf4 e5 10.Nfxd5 exd4 11.Nb5 Rc8 12.Bf4 Qxd5 13.Nd6+ Kf8 14.Bc4 Qxg2 15.Qe2 Qxh1+
16.Kd2 Qxh4  0-1

[Event "Seefeld op 9th"]
[Site "Seefeld"]
[Date "1998.??.??"]
[Round "8"]
[White "Schumacher, Helmut"]
[Black "Nachtkamp, Herbert"]
[Result "1-0"]
[WhiteElo "2185"]
[BlackElo "2105"]

1.d4 g6 2.e4 Bg7 3.Nc3 c6 4.h3 d5 5.e5 Nh6 6.Bd3 O-O 7.f4 f6 8.Nf3 Nf7 9.Qe2 fxe5
10.fxe5 e6 11.O-O c5 12.dxc5 Nd7 13.Nxd5 Nfxe5 14.Nf4 Nxd3 15.Nxd3 Re8 16.Bg5 Qc7
17.Qf2 e5 18.Nd2 Nf8 19.Ne4 Ne6 20.Nf6+ Bxf6 21.Bxf6 Rf8 22.Qh4 e4 23.Qxe4 Nxc5
24.Qd5+ Ne6 25.Rae1 Qc6 26.c4 Bd7 27.Ne5 Qb6+ 28.Kh1 Be8 29.Ng4 Bd7  1-0

[Event "St Petersburg (Women)"]
[Site "St Petersburg"]
[Date "1998.??.??"]
[Round "6"]
[White "Artamonova, Viktoria"]
[Black "Lagvilava, Genrieta"]
[Result "0-1"]
[WhiteElo "2150"]
[BlackElo "2260"]

1.e4 g6 2.d4 c6 3.Nc3 Bg7 4.Nf3 d5 5.h3 dxe4 6.Nxe4 Nd7 7.Qe2 Ndf6 8.Nc3 e6
9.Bg5 h6 10.Bh4 Ne7 11.g4 O-O 12.O-O-O b5 13.Bg2 b4 14.Ne4 Nfd5 15.Bg3 Qa5
16.Qc4 Qb6 17.Nc5 a5 18.Na4 Qd8 19.Qc5 Ba6 20.Qd6 Qc8 21.Ne5 Rd8 22.Qc5 Qb7
23.Nc4 Bb5 24.Nab6 Bf8 25.Bd6 Ra6 26.Bxd5 cxd5 27.Bc7 Bxc4 28.Nxc4 Rd7 29.Nxa5 Qxc7
30.Qxc7 Rxc7 31.Nb3 Rxa2  0-1

[Event "SVK-chT 9899"]
[Site "SVK"]
[Date "1998.??.??"]
[Round "2"]
[White "Hagara, Eduard"]
[Black "Sergeev, Vladimir"]
[Result "1/2-1/2"]
[WhiteElo "2250"]
[BlackElo "2440"]

1.e4 g6 2.d4 Bg7 3.Nc3 c6 4.a4 d5 5.Be3 Nh6 6.Nf3 dxe4 7.Nxe4 Nf5 8.Bc4 O-O
9.O-O a5 10.c3 Nd7 11.Bg5 Nb6 12.Bd3 Nd5 13.Re1 Qc7 14.Qc2 b6 15.Rad1 Bb7
16.Qc1 Ba6 17.Bxa6 Rxa6 18.c4 Nb4 19.Ng3 Nxg3 20.hxg3 e6 21.Bf4 Qd8 22.Ne5 Re8
23.Ng4 Ra7 24.Ne5 f6 25.Nf3 g5 26.Be3 g4 27.Nh2 f5 28.Bg5 Qd7 29.Bf4 Qf7
30.Be5 Rd7 31.Re2 Bxe5 32.dxe5 Nd3 33.Qg5+ Qg6 34.Qe3 Nxe5 35.Rxd7 Nxd7 36.Rd2 Nc5
37.Rd6 Rc8 38.Qd4 Nxa4 39.Rd8+ Rxd8 40.Qxd8+ Kg7 41.Qc7+ Qf7 42.Qxc6 Nxb2
43.Qb5 Nd3 44.Qxb6 Qd7 45.Qxa5 Qd4 46.Qd2 h6 47.c5 Qa1+ 48.Nf1 Nxc5 49.Qd6 Qa7
50.Qe5+ Kg6 51.Qd6 Kf7 52.Qd4 Qe7 53.Ne3 Nd7 54.Nc4 Nf6 55.Nd6+ Kg6 56.Nc4 Kg7
57.Qe5 Qd7 58.Ne3 Qc6 59.Qd4 h5 60.Qa7+ Qd7 61.Qa1 Qc7 62.Qd4 Qc1+ 63.Nf1 Kg6
64.Qe5 Kf7 65.Qd4 Qe1 66.Qa7+ Kg6 67.Qb6 Nd5 68.Qd8  1/2-1/2

[Event "SVK-chT 9798"]
[Site "SVK"]
[Date "1998.??.??"]
[Round "8"]
[White "Kriz, Mario"]
[Black "Betko, Lubomir"]
[Result "0-1"]
[WhiteElo "2135"]
[BlackElo "2265"]

1.e4 c6 2.Nc3 g6 3.d4 Bg7 4.Bc4 d6 5.Nf3 Nf6 6.Qe2 O-O 7.e5 dxe5 8.dxe5 Nd5
9.Bd2 Bg4 10.O-O-O e6 11.h3 Bxf3 12.gxf3 Nd7 13.f4 N7b6 14.h4 h5 15.Ne4 Qc7
16.Ng5 Nxc4 17.Qxc4 Rfd8 18.Bb4 b5 19.Qd4 Rac8 20.Bc5 Qa5 21.Kb1 b4 22.Qe4 Rb8
23.Bd6 Qb5 24.Rd4 Rxd6 25.exd6 Bxd4 26.Qxd4 Nc3+ 27.Ka1 Qd5 28.Qxd5 Nxd5
29.Rd1 Rd8 30.a3 a5 31.Ne4 Nxf4 32.c4 bxc3 33.bxc3 e5 34.d7 Kf8 35.Rd6 Ke7
36.Rxc6 Rxd7 37.Rc5 Rd1+ 38.Ka2 Nd3 39.Rxa5 f5 40.Ra7+ Kd8 41.Ng5 e4 42.Ra6 Rd2+
43.Kb1 Rb2+ 44.Ka1 Rxf2 45.Re6 Nf4 46.Re5 Rc2 47.Rc5 Ne2 48.Kb1 Rxc3 49.Rxc3 Nxc3+
50.Kb2 Nd5 51.Kb3 Nf6 52.Ne6+ Kd7 53.Nf4 Kd6 54.Kc4 Nd7 55.Kd4 Ne5 56.Ke3 Nc4+
57.Kd4 Nxa3 58.Nxg6 Nc2+ 59.Kc3 Ne1 60.Kd2 Ng2 61.Ke2 f4 62.Kf2 f3 63.Kg3 Ke6
64.Nf8+ Kf7 65.Nh7 Kg6 66.Ng5 Kf5 67.Nh3 Ne1 68.Nf4 f2 69.Nd5 Nd3 70.Ne3+ Ke5
71.Kg2 Kd4 72.Nf5+ Kc3 73.Kf1 Kd2 74.Ng3 e3 75.Ne4+ Kd1 76.Nc3+ Kc2 77.Ne2 Kd2
78.Ng3 Nc5 79.Ne2 Ne4  0-1

[Event "Szeged TT04 IM"]
[Site "Szeged"]
[Date "1998.??.??"]
[Round "4"]
[White "Revuckij, Vladimir"]
[Black "Nanu, Ciprian"]
[Result "0-1"]
[WhiteElo "2215"]
[BlackElo "2325"]

1.e4 g6 2.d4 Bg7 3.Nc3 c6 4.Nf3 d5 5.Be2 dxe4 6.Nxe4 Nd7 7.O-O Ngf6 8.Nxf6+ Nxf6
9.c3 O-O 10.Bg5 Qb6 11.Qb3 Be6 12.Qxb6 axb6 13.a3 b5 14.Rfe1 h6 15.Bh4 Rfe8
16.Bd3 g5 17.Bg3 Bd5 18.Nd2 Nh5 19.Be5 Bxe5 20.Rxe5 Nf4 21.Bf1 Ng6 22.Re3 e5
23.Rae1 Red8 24.dxe5 Bxg2 25.Nb3 Bd5 26.Nd4 Nh4 27.e6 fxe6 28.Bh3 Rf8 29.Bxe6+ Bxe6
30.Nxe6 Nf3+ 31.Kf1 Rf7 32.R1e2 Nxh2+ 33.Kg2 Ng4 34.Rg3 Nf6 35.Rh3 Rh7 36.Nd4 Nd5
37.Ne6 Re8 38.Kf1 g4 39.Rh5 Nf6 40.Rf5 Rf7 41.Ree5 Nd7 42.Rxf7 Kxf7 43.Ng5+ hxg5
44.Rxg5 Ne5 45.Kg2 Kf6 46.Rh5 Kg6 47.Rh1 Rd8 48.Kg3 Kg5 49.Rh7 Rd3+ 50.Kg2 Rd7
51.Rh8 Kf5 52.Re8 Ke4 53.Kg3 Rf7 54.Kg2 Kd5 55.b3 c5 56.Rd8+ Kc6 57.Re8 Nd3
58.Kg3 Rf3+ 59.Kxg4 Rxf2 60.Re6+ Kd5 61.Rb6 Rb2 62.Rxb5 Kc6 63.a4 Rc2 64.b4 Rxc3
65.bxc5 Nxc5 66.Rb4 Ra3 67.Kf5 Rxa4 68.Rb1 b5 69.Ke5 Rh4 70.Rc1 b4 71.Rb1 Nd3+
72.Kf5 Kc5 73.Rh1 Rxh1  0-1

[Event "Techirghiol op-A"]
[Site "Techirghiol"]
[Date "1998.??.??"]
[Round "?"]
[White "Carmaciu, C."]
[Black "Baidaus, Adrian"]
[Result "0-1"]
[WhiteElo "2265"]
[BlackElo "1650"]

1.e4 c6 2.d4 g6 3.Nc3 Bg7 4.g3 d5 5.exd5 cxd5 6.Bg2 Nf6 7.h3 Nc6 8.Nf3 O-O
9.O-O Ne4 10.Ne2 e6 11.Ne1 b5 12.Be3 a5 13.Nd3 Ba6 14.Bxe4 dxe4 15.Nc5 Bc8
16.c3 e5 17.d5 Ne7 18.d6 Nf5 19.Qd5 Nxe3 20.Qxa8 Nxf1 21.d7 Nd2 22.Qd5 Bh6
23.Qc6 e3 24.f3 Bg7 25.Kg2 Bxd7 26.Nxd7 Qa8 27.Nf6+ Bxf6 28.Qxf6 Qd5 29.h4 h5
30.Ng1 e4 31.f4 Nf3  0-1

[Event "Techirghiol op-A"]
[Site "Techirghiol"]
[Date "1998.??.??"]
[Round "?"]
[White "Bondoc, Dan Vladimir"]
[Black "Baidaus, Adrian"]
[Result "1-0"]
[WhiteElo "2270"]
[BlackElo "1650"]

1.e4 c6 2.d4 g6 3.Nc3 Bg7 4.Nf3 d5 5.h3 Nf6 6.Bd3 dxe4 7.Nxe4 Nxe4 8.Bxe4 Nd7
9.O-O Nf6 10.Bd3 h6 11.Re1 O-O 12.c4 Qc7 13.Be3 Be6 14.Qd2 Kh7 15.b3 a6 16.Bf4 Qd8
17.Qc2 Qc8 18.Re3 c5 19.Rae1 Nh5 20.Bh2 cxd4 21.Rxe6 fxe6 22.Bxg6+ Kh8 23.Bxh5 Qc5
24.Bg4 Rf6 25.Be5 Rf7 26.Qg6  1-0

[Event "Techirghiol op-A"]
[Site "Techirghiol"]
[Date "1998.??.??"]
[Round "?"]
[White "Bondoc, Dan Vladimir"]
[Black "Nanu, Ciprian"]
[Result "1-0"]
[WhiteElo "2270"]
[BlackElo "2325"]

1.e4 g6 2.d4 Bg7 3.Nc3 c6 4.Nf3 d6 5.Be2 Nf6 6.O-O O-O 7.Re1 b5 8.a3 Nbd7
9.Bf1 a6 10.e5 Ne8 11.Bg5 f6 12.exf6 exf6 13.Bf4 Nb6 14.Bg3 f5 15.Qd2 h6
16.h4 Nf6 17.Qf4 Ne8 18.Bd3 Bd7 19.Rad1 Nc8 20.Qc1 Nf6 21.Ne2 Ne4 22.Nf4 Nxg3
23.fxg3 g5 24.hxg5 hxg5 25.Ne6 Bxe6 26.Rxe6 g4 27.Nh4 Bxd4+ 28.Kh2 Ra7 29.Bxf5 Bf6
30.Qh6 Rg7 31.Rxf6 Rxf6 32.Be6+ Rxe6 33.Qxe6+ Kh8 34.Rf1 Ne7 35.Rf6 Ng8 36.Rf5 Rh7
37.Kg1 Rxh4 38.gxh4 Qxh4 39.Qe8 Qe7 40.Qh5+ Kg7 41.Qxg4+ Kh7 42.Qf4 Kg6 43.Qg4+ Kh7
44.Rh5+ Nh6 45.Qf4 Qe6 46.Rh3 Qe1+ 47.Kh2 Qe6 48.Rg3 c5 49.Qg5 Nf5 50.Qg4 d5  1-0

[Event "BCF-ch"]
[Site "Torquay"]
[Date "1998.??.??"]
[Round "1"]
[White "Osborne, Marcus E"]
[Black "Martin, Andrew D"]
[Result "0-1"]
[WhiteElo "2155"]
[BlackElo "2445"]

1.e4 g6 2.d4 Bg7 3.Nc3 c6 4.f4 d5 5.e5 h5 6.Nf3 Bg4 7.h3 Bxf3 8.Qxf3 e6 9.Be3 h4
10.Bd3 Ne7 11.g4 hxg3 12.Qxg3 Na6 13.a3 Nf5 14.Bxf5 exf5 15.h4 Rh5 16.Ne2 Qa5+
17.Bd2 Qb6 18.O-O-O Nc7 19.Bb4 Ne6 20.c4 O-O-O 21.Qc3 Qa6 22.b3 Bh6 23.Rdf1 Bf8
24.Kb2 c5 25.dxc5 dxc4 26.Rc1 cxb3 27.Qf3 Qd3 28.Qg2 Qe3 29.Rh3 Rd2+ 30.Bxd2 Qxd2+
31.Kxb3 Nd4+ 32.Nxd4 Qxg2 33.Rhc3 Rxh4  0-1

[Event "Trinec op9798"]
[Site "Trinec"]
[Date "1998.??.??"]
[Round "?"]
[White "Sikorova, Olga"]
[Black "Karlik, Vladimir"]
[Result "1-0"]
[WhiteElo "2190"]
[BlackElo "2360"]

1.e4 g6 2.d4 Bg7 3.Nc3 c6 4.Be3 d5 5.exd5 cxd5 6.Qd2 Nc6 7.O-O-O Nf6 8.Bh6 Bxh6
9.Qxh6 Qa5 10.Nf3 Bg4 11.Qf4 Bxf3 12.Qxf3 Ne4 13.Nxe4 dxe4 14.Qb3 O-O 15.h4 h5
16.Bc4 Qc7 17.Qe3 e6 18.Qxe4 Nb4 19.Bb3 a5 20.a4 b5 21.axb5 a4 22.Bxe6 fxe6
23.Qxg6+ Qg7 24.Qxe6+ Kh8 25.Qd6 Nxc2 26.Kxc2 Qh7+ 27.Kc3 Rfc8+ 28.Kb4 Qc2
29.Qh6+ Kg8 30.Qg5+ Kf8 31.Qf4+ Kg8 32.Qg3+ Kh8 33.Ka3 Qc4 34.Qe3 Re8 35.Qh6+ Kg8
36.Qg6+ Kf8 37.Qf5+ Kg8 38.Qg5+ Kh7 39.Qxh5+ Kg7 40.Rh3  1-0

[Event "Trinec op9798"]
[Site "Trinec"]
[Date "1998.??.??"]
[Round "?"]
[White "Novak, Pavel"]
[Black "Karlik, Vladimir"]
[Result "0-1"]
[WhiteElo "2215"]
[BlackElo "2360"]

1.e4 g6 2.d4 Bg7 3.Nc3 c6 4.Nf3 d6 5.h3 Nf6 6.Be2 O-O 7.O-O Qc7 8.Bg5 Nbd7
9.Qd2 Re8 10.Rad1 e5 11.dxe5 dxe5 12.Rfe1 Nc5 13.Bf1 Ne6 14.Bxf6 Bxf6 15.Qd6 Qxd6
16.Rxd6 Be7 17.Rd2 f6 18.a4 Bb4 19.Re3 Nc5 20.Bc4+ Be6 21.Bxe6+ Rxe6 22.Rde2 Bxc3
23.Rxc3 Nxa4 24.Rb3 Re7 25.Rd2 Nc5 26.Re3 a5 27.Rd6 Kf7 28.Nd2 Re6 29.Rxe6 Kxe6
30.Kf1 Rd8 31.Ke2 b5 32.f3 Rd4 33.Rc3 Kd6 34.Ke3 a4 35.Ke2 Rb4 36.Kd1 Rxb2  0-1

[Event "POL-ch U20"]
[Site "Trzebinia"]
[Date "1998.??.??"]
[Round "3"]
[White "Mista, Aleksander"]
[Black "Lobejko, Rafal"]
[Result "0-1"]
[WhiteElo "2240"]
[BlackElo "2300"]

1.e4 g6 2.d4 Bg7 3.Nc3 c6 4.g3 d6 5.Bg2 Nf6 6.Nge2 O-O 7.O-O e5 8.h3 Be6
9.Be3 Bc4 10.Re1 Nbd7 11.b3 Ba6 12.Rc1 Qa5 13.Nb1 exd4 14.Nxd4 Rfe8 15.Bf4 d5
16.exd5 Nxd5 17.Rxe8+ Rxe8 18.c4 Nxf4 19.gxf4 Nf6 20.Ne2 Qxa2 21.Nbc3 Qa5
22.Qc2 Nd7 23.Ne4 Nc5 24.f5 Nxe4 25.Bxe4 Rd8 26.Rd1 Rxd1+ 27.Qxd1 Qa1 28.Qxa1 Bxa1
29.fxg6 hxg6 30.Nf4 Bd4 31.Nd3 c5 32.Bd5 b5 33.Kf1 bxc4 34.bxc4 Kg7 35.Ke2 g5
36.f4 f6 37.fxg5 fxg5 38.Nc1 Bc8 39.Nb3 Kf6 40.Kd3 Bg1 41.Bg2 Bf5+ 42.Kc3 Ke5
43.Nc1 Bd4+ 44.Kd2 a5 45.Nd3+ Kd6  0-1

[Event "POL-ch U20 Girls"]
[Site "Trzebinia"]
[Date "1998.??.??"]
[Round "4"]
[White "Kucypera, Anna"]
[Black "Starczewska, Malgorzata"]
[Result "1-0"]
[WhiteElo "2140"]
[BlackElo "2085"]

1.e4 g6 2.d4 Bg7 3.Nc3 c6 4.Bc4 d5 5.exd5 b5 6.Bb3 b4 7.Nce2 cxd5 8.Bd2 a5
9.a3 Ba6 10.axb4 axb4 11.Bxb4 Nc6 12.Ba4 Qc8 13.Nf3 Nh6 14.O-O O-O 15.Bc5 Qc7
16.Re1 Rfb8 17.Nc3 e6 18.b3 Nf5 19.Bxc6 Qxc6 20.Ra4 Nd6 21.Bxd6 Qxd6 22.Qd2 Rb6
23.Ra5 Rc8 24.Na4 Rbc6 25.c3 Rb8 26.Nc5 Rb5 27.Rxb5 Bxb5 28.Qa2 Rxc5 29.dxc5 Qxc5
30.Qa8+ Bf8 31.Re3 Qa3 32.Qxa3 Bxa3 33.c4 Bc6 34.Nd4 Bb7 35.cxd5 Bxd5 36.Nb5 Bc5
37.Rc3 Bb4 38.Rd3 Ba5 39.Na3 Kf8 40.Nc4 Ke7 41.Nxa5  1-0

[Event "POL-ch U20"]
[Site "Trzebinia"]
[Date "1998.??.??"]
[Round "5"]
[White "Hnydiuk, Aleksander"]
[Black "Lobejko, Rafal"]
[Result "1-0"]
[WhiteElo "2355"]
[BlackElo "2300"]

1.e4 g6 2.d4 Bg7 3.Nc3 c6 4.f4 d5 5.e5 h5 6.Be3 Nh6 7.Nf3 Bg4 8.h3 Nf5 9.Bf2 Bxf3
10.Qxf3 h4 11.Bd3 e6 12.O-O Nd7 13.Ne2 Qe7 14.b3 f6 15.c4 fxe5 16.fxe5 Bh6
17.Bxf5 gxf5 18.Qh5+ Qf7 19.Qxh4 dxc4 20.bxc4 Nb6 21.Rac1 Kd7 22.Rc2 Rag8
23.d5 Qg7 24.dxe6+ Kc8 25.Qg3 Qh7 26.Qf3 f4 27.Rc3 Qf5 28.Nd4 Qxe5 29.Re1 Qa5
30.e7 Na4 31.Rb3 Bg7 32.Nxc6 Qa6 33.Ne5 Bxe5 34.Rxe5 Qxc4 35.Re4 Qc1+ 36.Kh2 b5
37.Rxa4  1-0

[Event "CHI-ch"]
[Site "Vina del Mar"]
[Date "1998.??.??"]
[Round "4"]
[White "Dumas Aviles, Alejandro"]
[Black "Rioseco, Fernando"]
[Result "1-0"]
[WhiteElo "2220"]
[BlackElo "2095"]

1.e4 g6 2.d4 Bg7 3.Nc3 c6 4.f4 d5 5.e5 Nh6 6.Bd3 f6 7.Nf3 O-O 8.O-O Bg4 9.Kh1 Nd7
10.Ne2 Bxf3 11.Rxf3 fxe5 12.dxe5 c5 13.c4 e6 14.Qc2 Qe7 15.Nc3 dxc4 16.Bxc4 Nf5
17.Ne2 Nb6 18.Bd3 Nd5 19.Bd2 Rad8 20.Bxf5 exf5 21.Rd1 Nc7 22.Rff1 Ne6 23.Be3 b6
24.Qc4 Qf7 25.Nc3 Rxd1 26.Rxd1 Rd8 27.Rd5 Bf8 28.Qd3 Rxd5 29.Qxd5 Nc7 30.Qb7 Ne6
31.Qc8 Kg7 32.Nb5 g5 33.fxg5 f4 34.Bd2 f3 35.Nd6 Bxd6 36.exd6 fxg2+ 37.Kxg2 Nf4+
38.Kf3 Ne6+ 39.Ke2 Nf4+ 40.Kf3 Ne6+ 41.Ke2 Nf4+  1-0

[Event "Vlissingen HZ op"]
[Site "Vlissingen"]
[Date "1998.??.??"]
[Round "6"]
[White "Jonkman, Harmen"]
[Black "Van der Wiel, John TH"]
[Result "0-1"]
[WhiteElo "2315"]
[BlackElo "2525"]

1.e4 g6 2.d4 Bg7 3.Nc3 c6 4.Bc4 d6 5.Qf3 e6 6.Nge2 Ne7 7.h4 h6 8.Bf4 b5 9.Bb3 a5
10.a3 Ba6 11.Qg3 Nc8 12.Nd1 Qe7 13.c3 Nd7 14.Be3 Ncb6 15.O-O b4 16.Re1 a4
17.Bc2 b3 18.Bb1 Nc4 19.Bc1 Nf6 20.Ne3 Nxe3 21.Bxe3 e5 22.f3 O-O 23.Qf2 Rfe8
24.Nc1 Nh5 25.Nd3 Bb5 26.g4 Nf6 27.Nb4 exd4 28.cxd4 Qd7 29.Bd3 Bxd3 30.Nxd3 Nxg4
31.fxg4 Rxe4 32.Nf4 Qxg4+ 33.Ng2 Rae8 34.Kh2 c5 35.Qg3 Qh5 36.Rad1 g5 37.Kg1 gxh4
38.Qh3 Rg4 39.Bf2 Rxe1+ 40.Rxe1 Qg6 41.Kh1 cxd4 42.Re8+ Kh7 43.Nxh4 Qh5 44.Qd3+ f5
45.Qb5 d3 46.Qxd3 Rxh4+ 47.Bxh4 Qxe8 48.Qxf5+ Qg6 49.Qf2 Qe4+ 50.Kh2 Qc2  0-1

[Event "Trinec op"]
[Site "Trinec"]
[Date "1999.01.02"]
[Round "8"]
[White "Blazkova, Petra"]
[Black "Karlik, Vladimir"]
[Result "1-0"]
[WhiteElo "2240"]
[BlackElo "2305"]

1.e4 g6 2.d4 Bg7 3.Nc3 c6 4.Nf3 d6 5.a4 Nf6 6.Be2 O-O 7.O-O Qc7 8.Bf4 Nh5
9.Be3 e5 10.Qd2 Nd7 11.a5 Nhf6 12.h3 Re8 13.dxe5 dxe5 14.Rfd1 Nf8 15.Qd6 Qxd6
16.Rxd6 N8d7 17.a6 Bf8 18.axb7 Bxb7 19.Rdd1 Bc5 20.Bxc5 Nxc5 21.Ra5 Nfxe4
22.Nxe4 Nxe4 23.Nxe5 Nf6 24.Bf3 Nd5 25.Nxc6 Bxc6 26.Bxd5 Bxd5 27.Raxd5 Rac8
28.c3 Rb8 29.b4 Rbc8 30.R1d3 Re1+ 31.Kh2 Rc6 32.Rd8+ Kg7 33.R8d7 Ra1 34.Rf3 Rf6
35.Rxf6 Kxf6 36.b5 h5 37.c4 Rc1 38.Rc7 Rc3 39.g3 Ra3 40.c5 Rc3 41.h4 Rb3
42.Rb7 Rc3 43.c6 a6 44.bxa6 Rxc6 45.a7 Ra6 46.Kg2 Kg7 47.Kf3 Ra4 48.Ke3 Kf6
49.Kd3 Ke6 50.Kc3 f6 51.Kb3 Ra1 52.Kc4 Kf5 53.f3 g5 54.Kb4 Kg6 55.Kb5 gxh4
56.gxh4 Kf5 57.Rf7 Kg6 58.Rc7 Kf5 59.Rc5+ Ke6 60.Kb6 Kd6 61.Ra5 Rd1 62.Rb5 Ra1
63.Kb7  1-0

[Event "Bad Zwesten op"]
[Site "Bad Zwesten"]
[Date "1999.01.03"]
[Round "2"]
[White "Glek, Igor V"]
[Black "Thamm, Oliver"]
[Result "1-0"]
[WhiteElo "2566"]
[BlackElo "2133"]

1.e4 g6 2.d4 Bg7 3.Nc3 c6 4.f4 d5 5.e5 Nh6 6.Nf3 f6 7.Be3 Bg4 8.h3 Bxf3 9.Qxf3 fxe5
10.dxe5 O-O 11.Qe2 Nf5 12.Bf2 Qa5 13.a3 e6 14.h4 c5 15.Qb5 Qxb5 16.Nxb5 Na6
17.c4 d4 18.g3 Rf7 19.Bh3 b6 20.O-O-O Nc7 21.Nd6 Re7 22.h5 Ne8 23.Ne4 Nc7
24.g4 Nh6 25.hxg6 hxg6 26.Bh4 Rd7 27.Nf6+ Bxf6 28.Bxf6 Rf8 29.Bg2 Nxg4 30.Rh8+ Kf7
31.Rh7+  1-0

[Event "BL2-W9899"]
[Site "Germany"]
[Date "1999.01.10"]
[Round "4.1"]
[White "Schaefer, Markus"]
[Black "Telljohann, Sven"]
[Result "0-1"]
[WhiteElo "2406"]
[BlackElo "2413"]

1.e4 g6 2.d4 Bg7 3.Nc3 c6 4.Be3 d6 5.f4 b5 6.Bd3 a6 7.Nf3 Nd7 8.Ne2 Ngf6
9.c3 O-O 10.h3 c5 11.O-O Bb7 12.Ng3 cxd4 13.cxd4 e6 14.e5 Nd5 15.Bd2 Qb6
16.Kh1 f6 17.exd6 f5 18.Qe2 Qxd6 19.Ne5 Nxe5 20.fxe5 Qe7 21.Qe1 Qh4 22.Ne2 Qxe1
23.Raxe1 Rfd8 24.Nc1 Bf8 25.a3 Ne7 26.Bc3 Bd5 27.Bc2 Nc6 28.Bb3 a5 29.Bxd5 Rxd5
30.Ne2 b4 31.axb4 axb4 32.Nf4 Rb5 33.Bd2 Nxd4 34.Ra1 Re8 35.Ra4 Nb3 36.Be1 Rxe5
37.Nd3 Re4 38.Nxb4 Rb8 39.Nc6 Rxa4 40.Nxb8 Ra1 41.Nc6 Bc5 42.Kh2 Nd2  0-1

[Event "EUCup final 14th"]
[Site "Belgrade"]
[Date "1999.01.12"]
[Round "2"]
[White "Jaracz, Pawel"]
[Black "Finkel, Alexander"]
[Result "0-1"]
[WhiteElo "2465"]
[BlackElo "2455"]

1.e4 g6 2.d4 Bg7 3.Nc3 c6 4.Bc4 d6 5.Nf3 Nf6 6.Qe2 b5 7.Bd3 Bg4 8.Nd1 Nfd7
9.c3 e5 10.d5 cxd5 11.Bxb5 O-O 12.Ne3 Bxf3 13.Qxf3 dxe4 14.Qxe4 Nb6 15.Nd5 f5
16.Qb4 Kh8 17.Qb3 N8d7 18.Nxb6 Nxb6 19.O-O e4 20.f4 Rb8 21.Be3 Qc7 22.Rfd1 d5
23.Qa3 Rf7 24.Rd2 Bf8 25.b4 Bg7 26.Rc1 g5 27.g3 gxf4 28.gxf4 Bf6 29.Kh1 Rg8
30.Qb3 Rg4 31.Rxd5 Nxd5 32.Qxd5 Bg7 33.Qc4 Rg6 34.Qe2 Rf8 35.c4 Rd8 36.c5 Bd4
37.c6 a6 38.Bxd4+ Rxd4 39.Qb2 Rd6 40.Rd1 Qg7 41.Rg1 Rg6  0-1

[Event "South Wales 2nd"]
[Site "Newport"]
[Date "1999.01.15"]
[Round "8"]
[White "Buckley, Simon T"]
[Black "Baker, Chris W"]
[Result "1-0"]
[WhiteElo "2144"]
[BlackElo "2390"]

1.e4 c6 2.d4 g6 3.Nc3 Bg7 4.Nf3 d6 5.Be3 b5 6.Bd3 a6 7.Qd2 Nd7 8.O-O e5 9.dxe5 dxe5
10.a4 Bb7 11.axb5 axb5 12.Rxa8 Bxa8 13.Nxb5 cxb5 14.Bxb5 Ne7 15.Qd6 Nc8 16.Qb8 Bxe4
17.Nxe5 Nb6 18.Qd6 Qe7 19.Qb8+ Qd8 20.Qxd8+ Kxd8 21.Nxf7+ Kc7 22.Bf4+ Kb7
23.Nd6+ Kb8 24.Nxe4+ Ne5 25.Nc5  1-0

[Event "BL2-N9899"]
[Site "Germany"]
[Date "1999.01.31"]
[Round "5.8"]
[White "Ehrke, Michael"]
[Black "Berger, Steve"]
[Result "0-1"]
[WhiteElo "2250"]
[BlackElo "2140"]

1.d4 g6 2.e4 Bg7 3.Nc3 c6 4.Nf3 d6 5.Be3 Nf6 6.h3 O-O 7.a4 e5 8.dxe5 dxe5
9.Be2 Qe7 10.O-O Nbd7 11.Nd2 Nc5 12.Bc4 Rd8 13.f3 Nh5 14.Ne2 Be6 15.Bxe6 Nxe6
16.Qe1 Nef4 17.Kh2 Bf6 18.g3 Ne6 19.Qf2 Nd4 20.Rfc1 Bg5 21.c3 Bxe3 22.Qxe3 Nxe2
23.Qxe2 Nxg3 24.Qg2 Nh5 25.Nf1 Rd3 26.Rd1 Rad8 27.Rxd3 Rxd3 28.Qg4 Qc5 29.Qg1 Qxg1+
30.Kxg1 Nf4 31.Kf2 Nxh3+ 32.Kg3 Ng5 33.Kf2 Rxf3+ 34.Ke2 Rf4  0-1

[Event "BL2-S9899"]
[Site "Germany"]
[Date "1999.01.31"]
[Round "5.4"]
[White "Krockenberger, Martin"]
[Black "Eichler, Christoph"]
[Result "1-0"]
[WhiteElo "2298"]
[BlackElo "2255"]

1.e4 g6 2.d4 Bg7 3.Nc3 c6 4.Bc4 d6 5.Qf3 e6 6.Nge2 Qe7 7.O-O e5 8.Bg5 Nf6
9.Rad1 Nbd7 10.Bb3 O-O 11.Qe3 Re8 12.f4 h6 13.fxe5 hxg5 14.exf6 Bxf6 15.Qf3 Kg7
16.Rf2 Nf8 17.Rdf1 Nh7 18.e5 dxe5 19.Ng3 e4 20.Qe3 Be6 21.Ncxe4 Bd5 22.Bxd5 cxd5
23.Rxf6 Nxf6 24.Qxg5 Qe6 25.Rxf6 dxe4 26.Nh5+ Kg8 27.Qh6 gxh5 28.Qg5+ Kf8
29.Qh6+ Kg8 30.Qg5+ Kf8 31.Rxe6 Rxe6 32.d5 Rg6 33.Qxh5 Rd8 34.g3 b5 35.Kf2 Rgd6
36.Qh8+ Ke7 37.Qe5+ Kf8 38.Qh8+ Ke7 39.Qe5+ Kf8 40.Qxe4 Rxd5 41.h4 R8d6 42.Kg2 a6
43.Kh3 Kg8 44.g4 Rd4 45.Qe8+ Kg7 46.h5 Re6 47.Qc8 Rc4 48.Qd8 Rxc2 49.Qg5+ Kh8
50.h6 Rg6 51.Qe3 f6 52.Qa3 Rxh6+ 53.Kg3 Rhh2 54.Qf8+ Kh7 55.Qf7+ Kh8 56.Qxf6+ Kg8
57.Qxa6 Rxb2 58.a3 Rhd2 59.Kh4 Kf7 60.Qb7+ Ke6 61.Qc6+ Ke5 62.Qc5+ Ke6 63.Qe3+ Kf7
64.Qf3+ Ke6 65.Kh5 Rd5+ 66.g5 Rbd2 67.Kg6 R2d3 68.Qf6+ Kd7 69.Kf7 Kc7 70.Qf4+ Kb7
71.g6 Rd7+ 72.Ke6 Kc6 73.Qe4+ Kc5 74.Qe5+ Kc4 75.g7 Rxg7 76.Qxg7 Rxa3 77.Qc7+ Kb4
78.Qf4+ Ka5 79.Kd5 Rc3 80.Qd2 b4 81.Kd4 Kb5 82.Qe2+ Ka5 83.Qa2+ Kb5 84.Qd5+ Ka4
85.Qa8+ Kb3 86.Qa5 Rc2 87.Kd3 Rc3+ 88.Kd2 Kc4 89.Qa6+ Kc5  1-0

[Event "Budapest FS02 IM"]
[Site "Budapest"]
[Date "1999.02.06"]
[Round "1"]
[White "Paehtz, Elisabeth"]
[Black "Serrer, Christoph"]
[Result "1/2-1/2"]
[WhiteElo "2211"]
[BlackElo "2285"]

1.e4 g6 2.d4 Bg7 3.Nc3 c6 4.Be3 d5 5.e5 f6 6.exf6 exf6 7.Qd2 Ne7 8.Bh6 Bxh6
9.Qxh6 Nf5 10.Qd2 Nd6 11.Bd3 Bf5 12.Bxf5 Nxf5 13.O-O-O Nd7 14.Nh3 Qc7 15.Rhe1+ Kf7
16.g4 Ng7 17.Re3 Rhe8 18.Rf3 Kg8 19.Nf4 g5 20.Ng2 Qxh2 21.Ne3 h5 22.Qd3 h4
23.Qg6 Kh8 24.Qf7 Rad8 25.Ne2 Rf8 26.Qg6 Rde8 27.Qh6+  1/2-1/2

[Event "Aktiv Alliancen op"]
[Site "Taastrup"]
[Date "1999.02.06"]
[Round "1"]
[White "Petersen, Steen"]
[Black "Hejberg, Carsten"]
[Result "1-0"]
[WhiteElo "2146"]
[BlackElo "2113"]

1.e4 g6 2.d4 Bg7 3.Nc3 c6 4.f4 d5 5.e5 h5 6.Nf3 Nh6 7.Be2 Bg4 8.Be3 Nf5 9.Bf2 e6
10.Qd2 Nd7 11.O-O-O c5 12.dxc5 Bf8 13.Ng5 Bxe2 14.Qxe2 a6 15.Nxd5 exd5 16.e6 Nf6
17.Rhe1 Be7 18.exf7+ Kd7 19.Qe6+ Kc7 20.Qe5+ Kc8 21.Ne6 Ng4 22.Qc3 Bf6 23.Nxd8 Bxc3
24.Re8 Nxf2 25.Rxh8 Bg7 26.Rxd5 Ne7 27.Ne6+  1-0

[Event "HUN-ch (Women)"]
[Site "Lillafured"]
[Date "1999.02.07"]
[Round "7"]
[White "Medvegy, Nora"]
[Black "Horvath, Julia"]
[Result "1/2-1/2"]
[WhiteElo "2294"]
[BlackElo "2248"]

1.e4 c6 2.Nc3 g6 3.d4 Bg7 4.f4 d5 5.e5 h5 6.Nf3 Nh6 7.Be3 Bg4 8.Be2 Nf5 9.Bf2 e6
10.h3 Bxf3 11.Bxf3 h4 12.O-O Nd7 13.Ne2 Bf8 14.b3 g5 15.Kh1 gxf4 16.Nxf4 Qg5
17.Ne2 O-O-O 18.Qc1 Qe7 19.c4 Bh6 20.Qc3 Kb8 21.b4 Nb6 22.c5 Nc4 23.Rfb1 Nd2
24.Rb2 Ne4 25.Bxe4 dxe4 26.b5 Ka8 27.Rab1 e3 28.Be1 Qd7 29.bxc6 Qxc6 30.Rxb7 Rhg8
31.d5 Rxd5 32.Qa5  1/2-1/2

[Event "Budapest FS02 IM"]
[Site "Budapest"]
[Date "1999.02.09"]
[Round "4"]
[White "Pinter, G."]
[Black "Serrer, Christoph"]
[Result "1-0"]
[WhiteElo "2307"]
[BlackElo "2285"]

1.e4 g6 2.d4 Bg7 3.Nc3 c6 4.Nf3 d5 5.h3 Nf6 6.Bd3 dxe4 7.Nxe4 Nxe4 8.Bxe4 O-O
9.O-O Nd7 10.Qe2 Qc7 11.c3 e5 12.Be3 exd4 13.Nxd4 Re8 14.Qc2 Nb6 15.Rad1 Bd7
16.Rfe1 c5 17.Ne2 Bc6 18.Bxc6 Qxc6 19.c4 Rad8 20.b3 Nc8 21.Nc3 Rxd1 22.Rxd1 Ne7
23.Nd5 Nf5 24.Qd2 Nxe3 25.Nxe3 Bh6 26.Qd5 Bxe3 27.Qxc6 bxc6 28.fxe3 Re7 29.Rd8+ Kg7
30.Rc8 Rxe3 31.Rc7 Kf6 32.Rxc6+  1-0

[Event "RUS-Cup03 (Geller mem)"]
[Site "Moscow"]
[Date "1999.02.12"]
[Round "3"]
[White "Goloshchapov, Alexander"]
[Black "Tosic, Miroslav"]
[Result "1-0"]
[WhiteElo "2446"]
[BlackElo "2517"]

1.e4 g6 2.d4 Bg7 3.Nc3 c6 4.Nf3 d6 5.Be3 b5 6.Qd2 Nd7 7.Bd3 Nb6 8.h3 a5 9.O-O Nc4
10.Bxc4 bxc4 11.Rfe1 a4 12.Rad1 Qa5 13.d5 Bb7 14.Bd4 Nf6 15.e5 dxe5 16.dxc6 exd4
17.cxb7 Rb8 18.Nxd4 Qa6 19.Nxa4 Qxb7 20.Nc5 Qc8 21.Rxe7+ Kf8 22.Rc7 Qxc7
23.Nce6+ fxe6 24.Nxe6+ Kf7 25.Nxc7 Rhc8 26.Qf4 Kg8 27.Nd5 Nxd5 28.Rxd5 Rxb2
29.Rd7 Kh8 30.Qf7 Rg8 31.Qxc4 Rf8 32.Qc7  1-0